[Event "SLO-chT2 East"]
[Site "Slovenia"]
[Date "2013.10.12"]
[Round "2"]
[White "Matjasic, Matjaz"]
[Black "Basa, Drago"]
[Result "1/2-1/2"]
[WhiteElo "1694"]
[BlackElo "1795"]
[PlyCount "95"]
[EventDate "2013.09.07"]
[EventType "team-tourn"]
[EventRounds "9"]
[EventCountry "SLO"]
[SourceTitle "EXT 2015"]
[Source "ChessBase"]
[SourceDate "2014.11.20"]
[SourceVersion "1"]
[SourceVersionDate "2014.11.20"]
[SourceQuality "1"]

1. e4 c5 2. Nf3 Nc6 3. c3 g6 4. d4 cxd4 5. Nxd4 d6 6. Be3 Bg7 7. Bc4 Nf6 8. f3 Bd7 9. 0-0 Na5 10. Bb5 a6 11. Bxd7+ Qxd7 12. Nd2 Rc8 13. N4b3 Nxb3 14. axb3 Rf8 15. Nc4 Rc6 16. Qd2 Qc8 17. Rfd1 Nd7 18. Ra5 b5 19. Na3 Qc7 20. b4 Ne5 21. Qf2 f5 22. exf5 Rxf5 23. Bd4 Rf7 24. Qe3 Qc8 25. Qe4 Rf5 26. b3 Rf7 27. Nc2 Qf5 28. Qxf5 Rxf5 29. Ne3 Rf7 30. Ra2 e6 31. Rc2 Nd7 32. Bxg7 Rxg7 33. c4 bxc4 34. Rxc4 Rb6 35. Rc8+ Kf7 36. Nc4 Rxb4 37. Nxd6+ Ke7 38. Re8+ Kf6 39. Ne4+ Ke5 40. Ra8 Rxb3 41. Rxa6 Rb5 42. Raa1 Rd5 43. Re1 Kf5 44. Ng3+ Kg5 45. Rxe6 Kh6 46. f4 Rf7 47. f5 Nc5 48. Rb6 1/2-1/2

[Event "SLO-chT2 Ost"]
[Site "Slovenia"]
[Date "2010.09.25"]
[Round "6"]
[White "Basa, Drago"]
[Black "Brdnik, Roman"]
[Result "0-1"]
[WhiteElo "1838"]
[BlackElo "1868"]
[PlyCount "44"]
[EventDate "2010.05.29"]
[EventType "team-tourn"]
[EventRounds "9"]
[EventCountry "SLO"]
[SourceTitle "EXT 2022"]
[Source "ChessBase"]
[SourceDate "2021.10.06"]
[SourceVersion "1"]
[SourceVersionDate "2021.10.06"]
[SourceQuality "1"]

1. d4 e6 2. c4 d5 3. Nc3 c6 4. a3 Bd6 5. cxd5 exd5 6. h3 Nf6 7. Nf3 h6 8. e3 Bf5 9. Bd3 Bxd3 10. Qxd3 Nbd7 11. b4 b5 12. Bb2 0-0 13. 0-0 Re8 14. Nd2 Nb6 15. Nb3 Bc7 16. Nc5 Nc4 17. Rab1 Qd6 18. g3 Rxe3 19. Nb7 Rxd3 20. Nxd6 Bxd6 21. Rfd1 Nxb2 22. Rxb2 Rxc3 0-1

[Event "SLO-chT2 Ost"]
[Site "Slovenia"]
[Date "2010.05.29"]
[Round "2"]
[White "Volcansek, Joze"]
[Black "Basa, Drago"]
[Result "1-0"]
[WhiteElo "1783"]
[BlackElo "1838"]
[PlyCount "57"]
[EventDate "2010.05.29"]
[EventType "team-tourn"]
[EventRounds "9"]
[EventCountry "SLO"]
[SourceTitle "EXT 2022"]
[Source "ChessBase"]
[SourceDate "2021.10.06"]
[SourceVersion "1"]
[SourceVersionDate "2021.10.06"]
[SourceQuality "1"]

1. d4 d5 2. Nf3 g6 3. g3 Bg7 4. Bg2 Nf6 5. 0-0 0-0 6. b3 Nc6 7. Bb2 Bg4 8. Ne5 Bd7 9. Nd2 e6 10. e3 Rc8 11. c4 Ne7 12. a4 c5 13. dxc5 Rxc5 14. b4 Rc7 15. Qb3 dxc4 16. Ndxc4 Nc6 17. b5 Ne7 18. Ba3 Ne8 19. Rad1 f6 20. Nxd7 Rxd7 21. Rxd7 Qxd7 22. Rd1 Qc7 23. Rc1 Qd7 24. Na5 Rf7 25. Nxb7 Bf8 26. Nc5 Qd8 27. Nxe6 Qd7 28. Rd1 Qc8 29. Nd8 1-0